<?xml version="1.0" encoding="UTF-8"?>
<collection xmlns="http://www.loc.gov/MARC21/slim">
 <record>
  <leader>04500cam a2200925 c 4500</leader>
  <controlfield tag="001">010849092</controlfield>
  <controlfield tag="003">DE-627</controlfield>
  <controlfield tag="005">20260211140744.0</controlfield>
  <controlfield tag="007">tu</controlfield>
  <controlfield tag="008">710101s1977    gw |||||      00| ||ger c</controlfield>
  <datafield tag="015" ind1=" " ind2=" ">
   <subfield code="a">78,A09,0670</subfield>
   <subfield code="2">dnb</subfield>
  </datafield>
  <datafield tag="016" ind1="7" ind2=" ">
   <subfield code="a">780089723</subfield>
   <subfield code="2">DE-101</subfield>
  </datafield>
  <datafield tag="020" ind1=" " ind2=" ">
   <subfield code="a">3787900950</subfield>
  </datafield>
  <datafield tag="035" ind1=" " ind2=" ">
   <subfield code="a">(DE-627)010849092</subfield>
  </datafield>
  <datafield tag="035" ind1=" " ind2=" ">
   <subfield code="a">(DE-603)035985186</subfield>
  </datafield>
  <datafield tag="035" ind1=" " ind2=" ">
   <subfield code="a">(DE-576)006423051</subfield>
  </datafield>
  <datafield tag="035" ind1=" " ind2=" ">
   <subfield code="a">(DE-599)GBV010849092</subfield>
  </datafield>
  <datafield tag="035" ind1=" " ind2=" ">
   <subfield code="a">(OCoLC)4152326</subfield>
  </datafield>
  <datafield tag="035" ind1=" " ind2=" ">
   <subfield code="a">(OCoLC)310459054</subfield>
  </datafield>
  <datafield tag="035" ind1=" " ind2=" ">
   <subfield code="a">(OCoLC)04152326</subfield>
  </datafield>
  <datafield tag="035" ind1=" " ind2=" ">
   <subfield code="a">(DE-604)8019881479</subfield>
  </datafield>
  <datafield tag="040" ind1=" " ind2=" ">
   <subfield code="a">DE-627</subfield>
   <subfield code="b">ger</subfield>
   <subfield code="c">DE-627</subfield>
   <subfield code="e">rda</subfield>
  </datafield>
  <datafield tag="041" ind1=" " ind2=" ">
   <subfield code="a">ger</subfield>
  </datafield>
  <datafield tag="044" ind1=" " ind2=" ">
   <subfield code="c">XA-DE</subfield>
  </datafield>
  <datafield tag="084" ind1=" " ind2=" ">
   <subfield code="a">KU 380</subfield>
   <subfield code="2">sfb</subfield>
  </datafield>
  <datafield tag="084" ind1=" " ind2=" ">
   <subfield code="a">12a</subfield>
   <subfield code="a">05b</subfield>
   <subfield code="2">sdnb</subfield>
  </datafield>
  <datafield tag="084" ind1=" " ind2=" ">
   <subfield code="a">LH 67540</subfield>
   <subfield code="2">rvk</subfield>
   <subfield code="0">(DE-625)rvk/94629:</subfield>
  </datafield>
  <datafield tag="084" ind1=" " ind2=" ">
   <subfield code="a">MS 8020</subfield>
   <subfield code="2">rvk</subfield>
   <subfield code="0">(DE-625)rvk/123808:</subfield>
  </datafield>
  <datafield tag="084" ind1=" " ind2=" ">
   <subfield code="a">LH 67715</subfield>
   <subfield code="2">rvk</subfield>
   <subfield code="0">(DE-625)rvk/94664:</subfield>
  </datafield>
  <datafield tag="084" ind1=" " ind2=" ">
   <subfield code="a">21.60</subfield>
   <subfield code="2">bkl</subfield>
  </datafield>
  <datafield tag="084" ind1=" " ind2=" ">
   <subfield code="a">21.73</subfield>
   <subfield code="2">bkl</subfield>
  </datafield>
  <datafield tag="084" ind1=" " ind2=" ">
   <subfield code="a">74.72</subfield>
   <subfield code="2">bkl</subfield>
  </datafield>
  <datafield tag="100" ind1="1" ind2=" ">
   <subfield code="a">Bollerey, Franziska</subfield>
   <subfield code="d">1944-</subfield>
   <subfield code="e">VerfasserIn</subfield>
   <subfield code="0">(DE-588)108101525</subfield>
   <subfield code="0">(DE-627)507576136</subfield>
   <subfield code="0">(DE-576)289602866</subfield>
   <subfield code="4">aut</subfield>
  </datafield>
  <datafield tag="245" ind1="1" ind2="0">
   <subfield code="a">Architekturkonzeption der utopischen Sozialisten</subfield>
   <subfield code="b">alternative Planung und Architektur für den gesellschaftlichen Prozeß</subfield>
   <subfield code="c">Franziska Bollerey</subfield>
  </datafield>
  <datafield tag="264" ind1=" " ind2="1">
   <subfield code="a">München</subfield>
   <subfield code="b">Heinz Moos Verlag</subfield>
   <subfield code="c">[1977]</subfield>
  </datafield>
  <datafield tag="264" ind1=" " ind2="4">
   <subfield code="c">© 1977</subfield>
  </datafield>
  <datafield tag="300" ind1=" " ind2=" ">
   <subfield code="a">242 Seiten</subfield>
   <subfield code="b">Illustrationen, Pläne</subfield>
  </datafield>
  <datafield tag="336" ind1=" " ind2=" ">
   <subfield code="a">Text</subfield>
   <subfield code="b">txt</subfield>
   <subfield code="2">rdacontent</subfield>
  </datafield>
  <datafield tag="336" ind1=" " ind2=" ">
   <subfield code="a">unbewegtes Bild</subfield>
   <subfield code="b">sti</subfield>
   <subfield code="2">rdacontent</subfield>
  </datafield>
  <datafield tag="337" ind1=" " ind2=" ">
   <subfield code="a">ohne Hilfsmittel zu benutzen</subfield>
   <subfield code="b">n</subfield>
   <subfield code="2">rdamedia</subfield>
  </datafield>
  <datafield tag="338" ind1=" " ind2=" ">
   <subfield code="a">Band</subfield>
   <subfield code="b">nc</subfield>
   <subfield code="2">rdacarrier</subfield>
  </datafield>
  <datafield tag="361" ind1="1" ind2=" ">
   <subfield code="5">DE-89</subfield>
   <subfield code="y">4312522839</subfield>
   <subfield code="s">AF 4678 a</subfield>
   <subfield code="o">Vorbesitz</subfield>
   <subfield code="a">Weber, Jürgen</subfield>
   <subfield code="0">(DE-588)1022222538</subfield>
   <subfield code="0">(DE-627)716939436</subfield>
   <subfield code="0">(DE-576)364999233</subfield>
   <subfield code="f">Stempel</subfield>
   <subfield code="z">Gestiftet von Prof. Dr. Hans-Jürgen Weber</subfield>
  </datafield>
  <datafield tag="500" ind1=" " ind2=" ">
   <subfield code="a">Literaturverzeichnis: Seite 199-210</subfield>
  </datafield>
  <datafield tag="505" ind1="8" ind2=" ">
   <subfield code="a">Literaturverz. S. 199 - 210</subfield>
  </datafield>
  <datafield tag="600" ind1="1" ind2="4">
   <subfield code="a">Fourier, Charles</subfield>
  </datafield>
  <datafield tag="600" ind1="1" ind2="4">
   <subfield code="a">Owen, Robert</subfield>
  </datafield>
  <datafield tag="650" ind1=" " ind2="4">
   <subfield code="a">Utopischer Sozialismus</subfield>
  </datafield>
  <datafield tag="650" ind1=" " ind2="4">
   <subfield code="a">Architektur</subfield>
  </datafield>
  <datafield tag="650" ind1=" " ind2="4">
   <subfield code="a">Jahrhundert, 19. / Technik, Architektur</subfield>
  </datafield>
  <datafield tag="650" ind1=" " ind2="4">
   <subfield code="a">Jahrhundert, 19. / Gesellschaft, Wirtschaft</subfield>
  </datafield>
  <datafield tag="650" ind1=" " ind2="4">
   <subfield code="a">Stadtplanung</subfield>
  </datafield>
  <datafield tag="651" ind1=" " ind2="4">
   <subfield code="a">Frankreich</subfield>
  </datafield>
  <datafield tag="651" ind1=" " ind2="4">
   <subfield code="a">Grossbritannien</subfield>
  </datafield>
  <datafield tag="689" ind1="0" ind2="0">
   <subfield code="d">p</subfield>
   <subfield code="0">(DE-588)118591010</subfield>
   <subfield code="0">(DE-627)060048158</subfield>
   <subfield code="0">(DE-576)162462387</subfield>
   <subfield code="a">Owen, Robert</subfield>
   <subfield code="d">1771-1858</subfield>
   <subfield code="2">gnd</subfield>
  </datafield>
  <datafield tag="689" ind1="0" ind2="1">
   <subfield code="d">s</subfield>
   <subfield code="0">(DE-588)4127693-0</subfield>
   <subfield code="0">(DE-627)105722855</subfield>
   <subfield code="0">(DE-576)209595744</subfield>
   <subfield code="a">Utopische Architektur</subfield>
   <subfield code="2">gnd</subfield>
  </datafield>
  <datafield tag="689" ind1="0" ind2="2">
   <subfield code="d">s</subfield>
   <subfield code="0">(DE-588)4071492-5</subfield>
   <subfield code="0">(DE-627)106097555</subfield>
   <subfield code="0">(DE-576)209184132</subfield>
   <subfield code="a">Frühsozialismus</subfield>
   <subfield code="2">gnd</subfield>
  </datafield>
  <datafield tag="689" ind1="0" ind2=" ">
   <subfield code="5">DE-101</subfield>
  </datafield>
  <datafield tag="689" ind1="1" ind2="0">
   <subfield code="d">p</subfield>
   <subfield code="0">(DE-588)118534572</subfield>
   <subfield code="0">(DE-627)060397772</subfield>
   <subfield code="0">(DE-576)160985218</subfield>
   <subfield code="a">Fourier, Charles</subfield>
   <subfield code="d">1772-1837</subfield>
   <subfield code="2">gnd</subfield>
  </datafield>
  <datafield tag="689" ind1="1" ind2="1">
   <subfield code="d">s</subfield>
   <subfield code="0">(DE-588)4127693-0</subfield>
   <subfield code="0">(DE-627)105722855</subfield>
   <subfield code="0">(DE-576)209595744</subfield>
   <subfield code="a">Utopische Architektur</subfield>
   <subfield code="2">gnd</subfield>
  </datafield>
  <datafield tag="689" ind1="1" ind2="2">
   <subfield code="d">s</subfield>
   <subfield code="0">(DE-588)4071492-5</subfield>
   <subfield code="0">(DE-627)106097555</subfield>
   <subfield code="0">(DE-576)209184132</subfield>
   <subfield code="a">Frühsozialismus</subfield>
   <subfield code="2">gnd</subfield>
  </datafield>
  <datafield tag="689" ind1="1" ind2=" ">
   <subfield code="5">DE-101</subfield>
  </datafield>
  <datafield tag="787" ind1="0" ind2="8">
   <subfield code="i">Rezensiert in</subfield>
   <subfield code="a">Posener, Julius, 1904 - 1996</subfield>
   <subfield code="t">[Rezension von: Franziska Bollerey. Architekturkonzeption der Sozialisten / Kristiana Hartmann. Deutsche Gartenstadtbewegung]</subfield>
   <subfield code="d">1978</subfield>
   <subfield code="w">(DE-627)1868848000</subfield>
  </datafield>
  <datafield tag="935" ind1=" " ind2=" ">
   <subfield code="i">Blocktest</subfield>
  </datafield>
  <datafield tag="936" ind1="r" ind2="v">
   <subfield code="a">LH 67540</subfield>
   <subfield code="b">19. Jahrhundert allgemein</subfield>
   <subfield code="k">Kunstgeschichte</subfield>
   <subfield code="k">Allgemeines. Allgemeine Kunstgeschichte</subfield>
   <subfield code="k">Kunstgeschichte einzelner Gattungen der Kunst</subfield>
   <subfield code="k">Architektur</subfield>
   <subfield code="k">Darstellungen einzelner Epochen</subfield>
   <subfield code="k">Neuzeit</subfield>
   <subfield code="k">19. und 20. Jahrhundert</subfield>
   <subfield code="k">19. Jahrhundert</subfield>
   <subfield code="k">19. Jahrhundert allgemein</subfield>
   <subfield code="0">(DE-627)1271106302</subfield>
   <subfield code="0">(DE-625)rvk/94629:</subfield>
   <subfield code="0">(DE-576)201106302</subfield>
  </datafield>
  <datafield tag="936" ind1="r" ind2="v">
   <subfield code="a">MS 8020</subfield>
   <subfield code="b">Musik, Theater, Museen, Mode, Architektur</subfield>
   <subfield code="k">Soziologie</subfield>
   <subfield code="k">Spezielle Soziologien</subfield>
   <subfield code="k">Kunstsoziologie</subfield>
   <subfield code="k">Musik, Theater, Museen, Mode, Architektur</subfield>
   <subfield code="0">(DE-627)1270915045</subfield>
   <subfield code="0">(DE-625)rvk/123808:</subfield>
   <subfield code="0">(DE-576)200915045</subfield>
  </datafield>
  <datafield tag="936" ind1="r" ind2="v">
   <subfield code="a">LH 67715</subfield>
   <subfield code="b">19. Jahrhundert</subfield>
   <subfield code="k">Kunstgeschichte</subfield>
   <subfield code="k">Allgemeines. Allgemeine Kunstgeschichte</subfield>
   <subfield code="k">Kunstgeschichte einzelner Gattungen der Kunst</subfield>
   <subfield code="k">Architektur</subfield>
   <subfield code="k">Ordnung nach Aufgaben</subfield>
   <subfield code="k">Urbanistik</subfield>
   <subfield code="k">Theorie der Urbanistik, Stadtplanung</subfield>
   <subfield code="k">19. und 20. Jahrhundert</subfield>
   <subfield code="k">19. Jahrhundert</subfield>
   <subfield code="0">(DE-627)1398973009</subfield>
   <subfield code="0">(DE-625)rvk/94664:</subfield>
   <subfield code="0">(DE-576)328973009</subfield>
  </datafield>
  <datafield tag="936" ind1="b" ind2="k">
   <subfield code="a">21.60</subfield>
   <subfield code="j">Baugeschichte: Allgemeines</subfield>
   <subfield code="0">(DE-627)106421247</subfield>
  </datafield>
  <datafield tag="936" ind1="b" ind2="k">
   <subfield code="a">21.73</subfield>
   <subfield code="j">Stadtbaugeschichte</subfield>
   <subfield code="j">Geschichte ländlicher Siedlungen</subfield>
   <subfield code="0">(DE-627)106409948</subfield>
  </datafield>
  <datafield tag="936" ind1="b" ind2="k">
   <subfield code="a">74.72</subfield>
   <subfield code="j">Stadtplanung</subfield>
   <subfield code="j">kommunale Planung</subfield>
   <subfield code="0">(DE-627)106411039</subfield>
  </datafield>
  <datafield tag="936" ind1="s" ind2="n">
   <subfield code="a">l300</subfield>
   <subfield code="2">mzub</subfield>
  </datafield>
  <datafield tag="936" ind1="s" ind2="n">
   <subfield code="a">m200</subfield>
   <subfield code="2">mzub</subfield>
  </datafield>
  <datafield tag="951" ind1=" " ind2=" ">
   <subfield code="a">BO</subfield>
  </datafield>
  <datafield tag="990" ind1=" " ind2=" ">
   <subfield code="a">Owen, Robert</subfield>
  </datafield>
  <datafield tag="990" ind1=" " ind2=" ">
   <subfield code="a">Utopische Architektur</subfield>
  </datafield>
  <datafield tag="990" ind1=" " ind2=" ">
   <subfield code="a">Frühsozialismus</subfield>
  </datafield>
  <datafield tag="990" ind1=" " ind2=" ">
   <subfield code="a">Fourier, Charles</subfield>
  </datafield>
  <datafield tag="990" ind1=" " ind2=" ">
   <subfield code="a">Utopische Architektur</subfield>
  </datafield>
  <datafield tag="990" ind1=" " ind2=" ">
   <subfield code="a">Frühsozialismus</subfield>
  </datafield>
  <datafield tag="991" ind1=" " ind2=" ">
   <subfield code="a">Rezensiertes Werk</subfield>
  </datafield>
  <datafield tag="999" ind1=" " ind2=" ">
   <subfield code="a">KXP-PPN010849092</subfield>
   <subfield code="e">4916207807</subfield>
  </datafield>
 </record>
</collection>
